01780nam a2200265Ia 4500001000600000003000900006008004100015040001300056040001300069041001300082100001500095100002900110240004100139240003500180245007900215245007900294250001100373260001200384260001200396260004900408300004300457500095100500650003201451650003101483E5272IT-RoPAU130308s9999 xx 000 0 und d aIT-RoPAU cIT-RoPAU aITALIANO aWeder Hans gCodice Aut. SPICS: 48475 aGLEICHNISSE JESU ALS METAPHERN (DIE) gCodice Tit. Orig. Spics: T3063 aMetafore del regno. Le parabole di Gesù: ricostruzione e interpretazione bMetafore del Regno. Le parabole di Gesù: ricostruzione e Interpretazione a1a ed. aBRESCIA bPaideia c1991 [1° Ed.:1991 - Ed.Ling.Originale:1978] a"390 p. (prefazione: no ; testo: 390)" aSulla Teoria dell'interpretazione delle Parabole: fase Piu' Recente della Ricerca, Approccio della Storia delle Forme, Approccio Storicizzante, Ermeneutico e Letterario. Osservazioni per una Teoria dell'interpretazione Delleparabole: Parabola e Metafora, Discorso Proprio e Improprio, Parabola e Allegoria, Linguaggio e Realtà, Parabola e Gesu' Storico. ricostruzione delle parabole Secondo la Storia della redazione e della Tradizione. Sguardo D'Insieme e Ulteriori Applicazioni: Approccio Storico Tradizionale Alle parabole di Gesu', spiegazione Teologico Cristologica, Comprensibilità di Dio, Osservazioni Sul Problema del Gesu' Storico, Ricerca Sulla Vita di Gesu' nel XIX Secolo, Teologia Kerigmatica, Nuova Questione del Gesu' Storico, Risultati Dello Studio delle parabole in Riferimento Alla Questione del Gesu' Storico. Bibliografia. Edizione Italiana a cura di Vittorio Fusco, con una Sua Nota in Appendice: parabole e Resurrezione. aSTUDI/COMMENTI SULLA BIBBIA eCodice materia Spics: 9052